2018 MotoGP Riders - Statistics

General Stats
  • This quiz has been taken 86 times
  • The average score is 20 of 24
Answer Stats
Team Number Rider % Correct
Ducati 99 Jorge Lorenzo
100%
Repsol Honda 93 Marc Márquez
100%
Movistar Yamaha 46 Valentino Rossi
100%
Repsol Honda 26 Dani Pedrosa
99%
Movistar Yamaha 25 Maverick Viñales
99%
Ducati 04 Andrea Dovizioso
96%
Alma Pramac 9 Danilo Petrucci
95%
Alma Pramac 43 Jack Miller
95%
Aprilia Gresini 41 Aleix Espargaró
93%
Suzuki Ecstar 42 Álex Rins
93%
RedBull KTM Factory 44 Pol Espargaró
93%
Monster Yamaha 5 Jonathan Zarco
91%
LCR 35 Cal Crutchlow
89%
Suzuki Ecstar 29 Andrea Iannone
87%
LCR 30 Takaaki Nakagami
84%
Reale Avintia 53 Esteve Rabat
76%
Ángel Nieto 17 Karel Abraham
73%
RedBull KTM Factory 38 Bradley Smith
71%
Ángel Nieto 19 Álvaro Bautista
69%
EG 0,0 Marc VDS 21 Franco Morbidelli
65%
Aprilia Gresini 45 Scott Redding
64%
Monster Yamaha 55 Hafizh Syahrin
55%
EG 0,0 Marc VDS 12 Thomas Lüthi
48%
Reale Avintia 10 Xavier Siméon
41%
No matching quizzes found
Score Distribution
Percent of People with Each Score
Percentile by Number Answered
Your Score History
You have not taken this quiz